Qui est le/la personnage principal(e) de la série ? - Statistiques

Statistiques générales
  • Ce quiz a été pris 50 fois
  • Le résultat moyen est 6 sur 15
Statistiques - réponses
Séries Personnages % Correct
Emily in Paris Emily
95%
Mercredi Mercredi
95%
La Casa de Papel Tokyo
72%
Grey's anatomy Meredith
70%
L'été ou je suis devenue jolie Belly
44%
Bojack Horsman Bojack
44%
You Joe
42%
Les Chroniques de Brigerton saison 1 Daphné
30%
Euphoria Rue
30%
Squid Game Seong
19%
Alice in Borderland Arisu
12%
Le jeu de la Dame Beth
9%
Hartley, Coeur a vif Amerie
5%
Police Paradise Kevin
5%
Big Mouth Nick
5%
Aucun quiz correspondant
Distribution des résultats
% des personnes avec chaque résultat
Percentile par nombre de réponses
Votre historique - résultats
Vous n’avez pas pris ce quiz